000 00822cam a22002172 4500
001 0000025001
005 20151217161559.0
008 140411s xx 000 0 eng d
040 _aKABU
_cKABU
100 1 _aMwohe, Karanga.
_@0000185361
245 1 0 _aEffects of financing constraints on operation, profitability and growth of small and micro enterprises :
_ba survey of Mau-Narok division /
_cKaranga Mwohe.
250 _a1st ed.
260 _aNakuru :
_bKabarak University,
_c2013.
300 _axi, 76 leaves. +
_e1 CD-ROM.
502 _aThesis (MBA) - Kabarak University, 2012.
650 0 _aSmall business enterprises
_xManagement.
_@0000182791
908 _a140411
950 _@1
999 _c15418
_d15418